| 000 | 01457nam0a2200313 4500 | ||
|---|---|---|---|
| 001 | RU\NLR\bibl\1865054 | ||
| 005 | 20260406031103.0 | ||
| 010 |
_a978-5-227-02921-8 _93000 |
||
| 021 |
_aRU _b2011-83687 _91д/12 |
||
| 035 | _a(NLR Aleph) 001854934 | ||
| 090 |
_a2452869 _c2452869 |
||
| 100 | _a20120206d2011 |||y0rusy50 ca | ||
| 101 | 0 | _arus | |
| 102 | _aRU | ||
| 105 | _ay ||||||||| | ||
| 200 | 1 |
_aПережить магнитные бури и остаться здоровым _eсоветы, рекомендации, рецепты специалистов-медиков, цель которых уберечь вас от вредного влияния погоды, солнечной активности и магнитных бурь _fЮ.Г. Мизун, Ю.В. Мизун |
|
| 210 |
_aМосква _cЦентрполиграф _d2011 |
||
| 215 |
_a222, [1] с. _d20 |
||
| 320 | _aБиблиогр.: с. 221 | ||
| 606 | 1 |
_aЗдоровье _jПопулярные издания _xВлияние магнитных бурь _91187471 _3RU\NLR\auth\66478747 |
|
| 686 | _aР120.112я9 | ||
| 700 | 1 |
_4070 _8rus _7ca _aМизун _bЮ. Г. _gЮрий Гаврилович _3RU\NLR\auth\771224 _9111253 |
|
| 701 | 1 |
_4070 _8rus _7ca _aМизун _bЮ.В. _gЮлия Владиславовна _3RU\NLR\auth\7743691 _926634 |
|
| 801 | 0 |
_aRU _bNLR _c20120206 _gRCR |
|
| 801 | 1 |
_aRU _bNLR _c20120206 |
|
| 942 | _cBOOK | ||
| 980 | _aNB | ||
| 980 | _aNBR | ||